| 000 | 01308nam a2200313 4500 | ||
|---|---|---|---|
| 003 | NUST | ||
| 005 | 20260629112413.0 | ||
| 008 | 260629b |||||||| |||| 00| 0 eng d | ||
| 040 |
_aNUST _beng _cNUST _dNUST _erda |
||
| 050 | _aQE500 NCU | ||
| 100 | 1 |
_aNcube, Lwazi Brian _eauthor |
|
| 245 | 1 |
_aMicrogravity and electrical resistivity investigations of old mine workings at CAM and Motor mine in Kadoma / _cLwazi Brian Ncube. |
|
| 260 |
_aBulawayo, Zimbabwe : _bNational University of Science and Technology, _c©2011. |
||
| 300 |
_ax, 83 pages : _billustrations ; _c31 cm. |
||
| 336 |
_2rdacontent _atext _btxt |
||
| 337 |
_2rdamedia _aunmediated _bn |
||
| 338 |
_2rdacarrier _avolume _bnc |
||
| 500 | _aA thesis submitted in partial fulfillment of the requirements for the Master of Science degree in Geophysics. | ||
| 501 | _00Masters | ||
| 504 | _aIncludes bibliographical references. | ||
| 650 | 0 |
_aGeophysics _xField methods. |
|
| 650 | 0 | _aMicrogravity (Geophysics). | |
| 650 | 0 |
_aElectrical resistivity _xMeasurement. |
|
| 650 | 0 |
_aMines and mineral resources _xSafety measures _zKadoma _zZimbabwe. |
|
| 650 | 0 |
_aSubsurface voids _xDetection. |
|
| 650 | 0 |
_aHazard mitigation _xMining. |
|
| 700 | 1 |
_aMashingaidze, R. T. _esupervisor |
|
| 942 |
_2lcc _n0 _c3HOUR _hQE500 NCU _kQE _mNCU |
||
| 999 |
_c173186 _d173186 |
||